000 00638nam a2200205 i 4500
001 181438
003 ES-MaACL
005 20250721170600.0
008 130116s2010 sp a | |||||||| | spa d
080 _a821.134.2-32"19"
100 1 _aAyala, Francisco,
_d1906-2009
_924111
245 1 0 _aHistoria de macacos /
_cAyala.
260 _a[Madrid] :
_bDiario Público,
_cD.L. 2010.
300 _a127 p. :
_b1 retrato ;
_c18 cm.
490 1 _aVoces críticas
830 0 0 _aVoces críticas
_9191445
852 _aES-MaACL
_jA-12452
_9188339
_bR.147174
_cDEPO1
_dOlim: N-5458
942 _2udc
_cMONOGRAFIA
999 _c181438
_d181438